| 000 | 00000nam 2200000za 4500 |
| 001 | 9.841694 |
| 003 | CaOODSP |
| 005 | 20221107152141 |
| 007 | cr ||||||||||| |
| 008 | 180206s2017 quc ob f000 0 eng d |
| 020 | |a9780660093499 |
| 040 | |aCaOODSP|beng |
| 043 | |an-cn--- |
| 086 | 1 |aIu54-34/2017E-PDF |
| 245 | 00|aCompetition Bureau fees and service standards handbook for mergers and merger-related matters |h[electronic resource]. |
| 260 | |a[Gatineau, QC] : |bCompetition Bureau Canada, |c2017. |
| 300 | |a19 p. |
| 490 | 0 |aBulletin |
| 500 | |aIssued also in French under title: Guide du Bureau de la concurrence sur la tarification et les normes de service relatives aux fusions et aux services connexes. |
| 500 | |aCover title. |
| 500 | |a"2017-08-31." |
| 504 | |aIncludes bibliographical references. |
| 692 | 07|2gccst|aMergers |
| 692 | 07|2gccst|aFees |
| 710 | 1 |aCanada. |bInnovation, Science and Economic Development Canada. |
| 710 | 1 |aCanada. |bCompetition Bureau. |
| 775 | 08|tGuide du Bureau de la concurrence sur la tarification et les normes de service relatives aux fusions et aux services connexes |w(CaOODSP)9.841700 |
| 794 | |tCompetition Bureau fees and service standards handbook for mergers and merger-related matters |w(CaOODSP)9.855648 |
| 795 | |tCompetition Bureau fees and service standards handbook for mergers and merger-related matters |w(CaOODSP)9.697725 |
| 856 | 40|qPDF|s292 KB|uhttps://publications.gc.ca/collections/collection_2018/isde-ised/Iu54-34-2017-eng.pdf |